[Event "Cardiff v Abergavenny WCPL Open"]
[Site "?"]
[Date "2023.02.19"]
[Round "1"]
[White "Toczek, Grzegorz"]
[Black "Morris, Charles"]
[Result "1-0"]
[WhiteElo "2310"]
[BlackElo "2153"]
[PlyCount "63"]
[EventDate "2023.??.??"]

1. e4 e6 2. d4 d5 3. Nd2 Nf6 4. e5 Nfd7 5. Bd3 c5 6. c3 Nc6 7. Ne2 cxd4 8. cxd4 f6 9. Nf4 Nxd4 10. Qh5+ Ke7 11. Ng6+ hxg6 12. exf6+ Kxf6 13. Qxh8 Kf7 14. O-O Nc5 15. Bb1 e5 16. b4 Nce6 17. Nb3 Ne2+ 18. Kh1 Bxb4 19. Qxd8 Nxd8 20. Bb2 Bc3 21. Bxc3 Nxc3 22. Rc1 d4 23. f4 Be6 24. fxe5 Bxb3 25. axb3 Nc6 26. Rf1+ Ke6 27. Bxg6 Nxe5 28. Rae1 Kd6 29. Bh7 a5 30. Rf4 Rh8 31. Rxd4+ Kc5 32. Rf4 1-0

[Event "Cardiff v Abergavenny WCPL Open"]
[Site "?"]
[Date "2023.02.19"]
[Round "1"]
[White "May, Frank"]
[Black "Bullen, Alex"]
[Result "0-1"]
[WhiteElo "2025"]
[BlackElo "2201"]
[PlyCount "50"]
[EventDate "2023.??.??"]

1. d4 d5 2. c4 e6 3. Nc3 a6 4. cxd5 exd5 5. Nf3 Nf6 6. Bg5 Be6 7. e3 c6 8. Bd3 Bd6 9. O-O Nbd7 10. e4 dxe4 11. Nxe4 Be7 12. Re1 Nxe4 13. Bxe7 Nxf2 14. Bxd8 Nxd1 15. Raxd1 Kxd8 16. Rxe6 fxe6 17. Ng5 Re8 18. Bxh7 Nf8 19. Bc2 Kc7 20. Rf1 Re7 21. Bb3 Rae8 22. Nf3 Nd7 23. Rd1 e5 24. d5 cxd5 25. Rxd5 e4 0-1

[Event "Cardiff v Abergavenny WCPL Open"]
[Site "?"]
[Date "2023.02.19"]
[Round "1"]
[White "Ralphs, Nigel"]
[Black "Miles, Richard"]
[Result "1/2-1/2"]
[WhiteElo "2041"]
[BlackElo "1965"]
[PlyCount "40"]
[EventDate "2023.??.??"]

1. e4 c5 2. Nf3 Nc6 3. Bb5 g6 4. Bxc6 dxc6 5. d3 Bg4 6. h3 Bxf3 7. Qxf3 Bg7 8. O-O e5 9. Be3 Qe7 10. Nd2 Nf6 11. a4 a5 12. Nc4 Nd7 13. Qd1 O-O 14. Qd2 b6 15. Bh6 Qe6 16. Bxg7 Kxg7 17. f4 exf4 18. Rxf4 Qe7 19. Raf1 Rab8 20. Kh1 Ne5 1/2-1/2

[Event "Cardiff v Abergavenny WCPL Open"]
[Site "?"]
[Date "2023.02.19"]
[Round "1"]
[White "Llewellyn, David"]
[Black "Fathallah, Joe"]
[Result "0-1"]
[WhiteElo "1956"]
[BlackElo "2081"]
[PlyCount "62"]
[EventDate "2023.??.??"]

1. d4 e6 2. c4 f5 3. Nc3 Nf6 4. e3 d5 5. Bd3 c6 6. Nf3 Bd6 7. O-O O-O 8. Rb1 Ne4 9. Qc2 Nd7 10. b4 g5 11. Ne1 g4 12. Bxe4 fxe4 13. f4 Nf6 14. g3 b6 15. c5 Be7 16. a4 a5 17. b5 bxc5 18. dxc5 Bxc5 19. Ne2 Qe7 20. Nd4 Bxd4 21. exd4 cxb5 22. axb5 Bb7 23. Qb3 Rfc8 24. Ba3 Qg7 25. Ng2 Nd7 26. Ne3 Qxd4 27. Bb2 Qd3 28. Qxd3 exd3 29. Rfd1 h5 30. Rxd3 Nc5 31. Rc3 d4 0-1

[Event "Cardiff v Abergavenny WCPL Open"]
[Site "?"]
[Date "2023.02.19"]
[Round "1"]
[White "Vikova, Anezka"]
[Black "Allford, Zane"]
[Result "1-0"]
[WhiteElo "1982"]
[BlackElo "1868"]
[PlyCount "61"]
[EventDate "2023.??.??"]

1. e4 e5 2. Nf3 Nf6 3. Nxe5 d6 4. Nxf7 Kxf7 5. Nc3 g6 6. d4 Kg7 7. Bc4 Qe8 8. O-O Be6 9. d5 Bf7 10. f4 c6 11. b4 Kg8 12. Bb2 Bg7 13. Qf3 h6 14. Rae1 Nbd7 15. Bb3 Kf8 16. dxc6 bxc6 17. Bxf7 Qxf7 18. e5 Nd5 19. e6 Qf5 20. Nxd5 cxd5 21. Bxg7+ Kxg7 22. exd7 Qxd7 23. Qxd5 Rae8 24. c4 Rhf8 25. Rxe8 Rxe8 26. Rd1 Qe7 27. Qd4+ Kf7 28. h3 Rd8 29. c5 d5 30. a4 Qe2 31. b5 1-0

[Event "Cardiff v Abergavenny WCPL Open"]
[Site "?"]
[Date "2023.02.19"]
[Round "1"]
[White "Dixon, Chris"]
[Black "Korovski, George"]
[Result "1-0"]
[WhiteElo "1687"]
[BlackElo "1841"]
[Annotator "Paul,Hatchett"]
[PlyCount "77"]
[EventDate "2023.??.??"]

1. Nf3 g6 2. g3 c5 3. Bg2 Bg7 4. O-O Nc6 5. d3 Nf6 6. e4 d6 7. c3 Qc7 8. Re1 O-O 9. h3 Nd7 10. Be3 b5 11. Qd2 Rd8 12. Bh6 Bh8 13. Ng5 e5 14. Na3 Rb8 15. Nc2 Nf8 16. Ne3 Ne7 17. Qe2 Ne6 18. Nd5 Nxd5 19. exd5 Nxg5 20. Bxg5 Rf8 21. Bh6 Bg7 22. Bxg7 Kxg7 23. h4 f5 24. f4 exf4 25. gxf4 Qf7 26. Qe7 Qxe7 27. Rxe7+ Rf7 28. Rae1 Kf6 29. Re8 Rc7 30. Rd8 Rb6 31. Ree8 Bb7 32. Re6+ Kf7 33. Rexd6 Rxd6 34. Rxd6 Ke7 35. Re6+ Kd7 36. c4 bxc4 37. dxc4 Rc8 38. b3 Re8 39. Kf2 {Remaining moves unintelligible} 1-0

[Event "Newport v The Full Ponty WCPL Open"]
[Site "?"]
[Date "2023.02.19"]
[Round "1"]
[White "Varley, Peter"]
[Black "Jukes, San"]
[Result "1-0"]
[WhiteElo "2232"]
[BlackElo "2061"]
[PlyCount "99"]
[EventDate "2023.??.??"]

1. d4 Nf6 2. c4 b6 3. Nc3 Bb7 4. f3 d5 5. cxd5 Nxd5 6. e4 Nxc3 7. bxc3 e5 8. Be3 exd4 9. cxd4 Bb4+ 10. Kf2 O-O 11. Qb3 Bd6 12. Nh3 Nc6 13. Rd1 Qh4+ 14. g3 Qf6 15. Bg2 Qg6 16. e5 Na5 17. Qc3 Be7 18. Nf4 Qc6 19. Rc1 Bg5 20. Qb4 Bxf4 21. Rxc6 Bxe3+ 22. Kxe3 Nxc6 23. Qa4 Ne7 24. Kf2 Rfd8 25. Rd1 Nd5 26. Qb3 Rd7 27. Bh3 Re7 28. f4 Rd8 29. Bg2 c6 30. Qa3 Red7 31. Bxd5 cxd5 32. Qxa7 Ra8 33. Qxb6 Rxa2+ 34. Kg1 Rc2 35. Ra1 h6 36. e6 fxe6 37. Qxe6+ Rf7 38. Re1 Rcc7 39. Re5 Kh7 40. f5 Rf6 41. Qe8 Rff7 42. g4 Bc6 43. Qd8 Rb7 44. Qd6 Rf6 45. Re6 Rb1+ 46. Kf2 Rb2+ 47. Ke1 Rxe6+ 48. Qxe6 Rb6 49. Qg6+ Kh8 50. f6 1-0

[Event "Newport v The Full Ponty WCPL Open"]
[Site "?"]
[Date "2023.02.19"]
[Round "1"]
[White "Gilbert, Jonathan"]
[Black "Rovaretti, David"]
[Result "1-0"]
[WhiteElo "2034"]
[BlackElo "1706"]
[PlyCount "51"]
[EventDate "2023.??.??"]

1. d4 Nc6 2. Nf3 d5 3. g3 Bf5 4. Bg2 Nf6 5. O-O e6 6. b3 Qd7 7. Bb2 h6 8. c4 O-O-O 9. Nbd2 Ne4 10. a3 g5 11. c5 Bg7 12. b4 g4 13. Ne5 Nxe5 14. dxe5 Nxd2 15. Qxd2 d4 16. a4 h5 17. c6 Qe7 18. cxb7+ Kb8 19. b5 Bxe5 20. Rfc1 h4 21. Rc6 hxg3 22. hxg3 Rd6 23. Ba3 Rxc6 24. Bxe7 Rc2 25. Qa5 d3 26. b6 1-0

[Event "Newport v The Full Ponty WCPL Open"]
[Site "?"]
[Date "2023.02.19"]
[Round "1"]
[White "Gibiec, Mateusz"]
[Black "Adams, Mark"]
[Result "0-1"]
[WhiteElo "1722"]
[BlackElo "1968"]
[PlyCount "108"]
[EventDate "2023.??.??"]

1. e4 c5 2. c3 d5 3. e5 a6 4. d4 e6 5. Nf3 Nc6 6. Bd3 Bd7 7. O-O Qb6 8. Bc2 cxd4 9. cxd4 Nb4 10. a3 Nxc2 11. Qxc2 Ne7 12. Nc3 Rc8 13. Be3 h5 14. Qd2 Nf5 15. Rac1 Qb3 16. Rc2 Be7 17. Rfc1 O-O 18. Qe2 g6 19. g4 hxg4 20. Nd2 Qb6 21. Qxg4 Kg7 22. Nf3 Rh8 23. Bg5 Bxg5 24. Qxg5 Qd8 25. Qxd8 Rcxd8 26. Ne2 Bc6 27. Ng3 Nxg3 28. fxg3 Rc8 29. Rf2 Bb5 30. Rfc2 Rxc2 31. Rxc2 Bc6 32. Ng5 Rc8 33. Kf2 Re8 34. Ke3 Rc8 35. h4 Re8 36. Rf2 Re7 37. Kd2 Be8 38. g4 Rc7 39. Rf6 Kh6 40. Kd3 a5 41. Kd2 a4 42. Nf3 Kg7 43. h5 Re7 44. Ng5 Bd7 45. Nxf7 Rxf7 46. h6+ Kg8 47. Rxg6+ Kh7 48. Rf6 Rxf6 49. exf6 Kxh6 50. g5+ Kg6 51. Ke3 Be8 52. Kf4 Bf7 53. Kg4 b6 54. Kf4 Kh5 0-1

[Event "Newport v The Full Ponty WCPL Open"]
[Site "?"]
[Date "2023.02.19"]
[Round "1"]
[White "Davis, Lee"]
[Black "Connolly, David"]
[Result "1-0"]
[WhiteElo "1944"]
[BlackElo "1549"]
[PlyCount "67"]
[EventDate "2023.??.??"]

1. d4 b5 2. Nf3 Bb7 3. Bf4 Nf6 4. e3 a6 5. Nbd2 d6 6. Be2 Nbd7 7. O-O g6 8. h3 Bg7 9. c4 bxc4 10. Nxc4 c5 11. dxc5 Nxc5 12. b4 Ncd7 13. Rc1 O-O 14. Na5 Qb6 15. a3 d5 16. Nxb7 Qxb7 17. Rc7 Qb6 18. Qc2 Ra7 19. Rc1 Nh5 20. Bh2 f5 21. Rxa7 Qxa7 22. Qc6 Nb6 23. Qe6+ Kh8 24. Rc7 Rf6 25. Qxe7 Qa8 26. Be5 Qg8 27. Bxf6 Nxf6 28. Ne5 h6 29. Nxg6+ Kh7 30. Nf8+ Kh8 31. Ne6 Ne8 32. Rc6 Nc4 33. Nxg7 Nxg7 34. Rxh6+ 1-0

[Event "White Knights v Full Ponty WCPL U1850"]
[Site "?"]
[Date "2023.02.19"]
[Round "1"]
[White "Thomas, Roy"]
[Black "Buttell, David"]
[Result "1-0"]
[WhiteElo "1810"]
[BlackElo "1708"]
[PlyCount "99"]
[EventDate "2023.??.??"]

1. f4 d5 2. Nf3 g6 3. e3 Bg7 4. Be2 Nf6 5. d3 b6 6. O-O e6 7. Nc3 Bb7 8. Qe1 Nbd7 9. a4 a6 10. Ne5 O-O 11. Bf3 c5 12. Nxd7 Qxd7 13. e4 d4 14. Ne2 Bc6 15. b3 a5 16. Bd2 Ne8 17. Qh4 f5 18. e5 Bxf3 19. Rxf3 Qd8 20. Qh3 Nc7 21. g4 Nd5 22. gxf5 exf5 23. Rc1 Qe7 24. c4 Nc7 25. Kf2 Kf7 26. Rg1 Rh8 27. Qg2 Qe6 28. h4 Bf8 29. Rg3 Be7 30. Qh2 Rag8 31. Kf1 Bd8 32. Rh3 Qc6 33. Ke1 Ne6 34. Kd1 h6 35. Qf2 Rg7 36. h5 g5 37. fxg5 Nxg5 38. Qxf5+ Ke8 39. Bxg5 Bxg5 40. Rf1 Ke7 41. Rhf3 Qe6 42. Qe4 Rb8 43. Nf4 Bxf4 44. Rxf4 Qh3 45. Qf3 Qxf3+ 46. R1xf3 Rg5 47. Rf5 Rbg8 48. Rf7+ Ke8 49. Rb7 Rxe5 50. Rb8+ 1-0

[Event "White Knights v Full Ponty WCPL U1850"]
[Site "?"]
[Date "2023.02.19"]
[Round "1"]
[White "Daniel, Chris"]
[Black "Mueser, Christopher"]
[Result "1-0"]
[WhiteElo "1671"]
[BlackElo "1295"]
[PlyCount "47"]
[EventDate "2023.??.??"]

1. Nf3 Nf6 2. c4 e5 3. Nxe5 Nc6 4. Nxc6 dxc6 5. Nc3 Bc5 6. e3 a6 7. d4 Ba7 8. b3 Ng4 9. h3 Nf6 10. Ba3 Be6 11. Be2 Qd7 12. Bf3 Bf5 13. g4 Bg6 14. g5 Ng8 15. Bg4 Bf5 16. Qf3 Bxg4 17. Qxg4 Qxg4 18. hxg4 Rb8 19. Ne4 Ne7 20. O-O-O O-O 21. Bxe7 Rfe8 22. Nf6+ gxf6 23. gxf6 b6 24. Rh5 1-0

[Event "White Knights v Full Ponty WCPL U1850"]
[Site "?"]
[Date "2023.02.19"]
[Round "1"]
[White "Hurford, Cai"]
[Black "Billington, Matthew"]
[Result "0-1"]
[WhiteElo "1000"]
[BlackElo "1487"]
[PlyCount "86"]
[EventDate "2023.??.??"]

1. d4 Nf6 2. Bf4 c5 3. c3 Qb6 4. Qc2 Nc6 5. e3 Nh5 6. Bg3 Nxg3 7. hxg3 g6 8. Nf3 Bg7 9. Nbd2 O-O 10. Nc4 Qc7 11. Bd3 d5 12. Ncd2 c4 13. Be2 Bf5 14. e4 dxe4 15. Nxe4 e5 16. Bxc4 exd4 17. Nxd4 Bxe4 18. Qxe4 Rae8 19. Ne6 Rxe6 20. Bxe6 Re8 21. O-O-O Rxe6 22. Qh4 h6 23. Rhe1 Rxe1 24. Rxe1 Ne5 25. Rd1 Kh7 26. f4 Nc4 27. g4 Qxf4+ 28. Kb1 Qe4+ 29. Ka1 Qc2 30. Rb1 Na3 31. Qe1 Qxb1+ 32. Qxb1 Nxb1 33. Kxb1 f5 34. gxf5 gxf5 35. Kc2 Kg6 36. Kd2 Kg5 37. Ke2 Kf4 38. Kf2 Bf6 39. g3+ Ke4 40. Ke2 f4 41. gxf4 Kxf4 42. Kf2 h5 43. a4 Ke4 0-1

[Event "Panthers AF v Morriston M WCPL U1850"]
[Site "?"]
[Date "2023.02.19"]
[Round "1"]
[White "Smith, Ellison"]
[Black "Eustis, Ian"]
[Result "1-0"]
[WhiteElo "1775"]
[BlackElo "1838"]
[PlyCount "89"]
[EventDate "2023.??.??"]

1. e4 d5 2. exd5 Nf6 3. d4 Nxd5 4. c4 Nb6 5. Nc3 Bf5 6. Nf3 e6 7. Bd3 Bxd3 8. Qxd3 c6 9. O-O Be7 10. Bf4 N8d7 11. Rad1 O-O 12. Ne4 Nf6 13. Rfe1 Nxe4 14. Rxe4 Nd7 15. Be5 Nxe5 16. Nxe5 Bf6 17. Qg3 Bxe5 18. Qxe5 Qf6 19. Qxf6 gxf6 20. Rd3 Rad8 21. Kf1 Rd7 22. Rg4+ Kh8 23. Ke2 Rg8 24. Kf3 Rxg4 25. Kxg4 Kg7 26. Kf4 h6 27. Rg3+ Kf8 28. Ke4 Rd8 29. Rd3 Ke7 30. g4 Rg8 31. h3 Rd8 32. f4 b6 33. b4 Rc8 34. Ra3 Rc7 35. c5 bxc5 36. dxc5 Rb7 37. Rb3 Rd7 38. a4 a6 39. b5 cxb5 40. axb5 axb5 41. Rxb5 Rd1 42. Rb7+ Ke8 43. c6 Rh1 44. Rb8+ Ke7 45. c7 1-0

[Event "Panthers AF v Morriston M WCPL U1850"]
[Site "?"]
[Date "2023.02.19"]
[Round "1"]
[White "Stuart, Neil"]
[Black "Penny, Liam"]
[Result "1-0"]
[WhiteElo "1588"]
[BlackElo "1823"]
[PlyCount "71"]
[EventDate "2023.??.??"]

1. d4 d5 2. c4 e6 3. Nf3 Nf6 4. Nc3 h6 5. cxd5 exd5 6. Bf4 Bd6 7. Bxd6 Qxd6 8. e3 O-O 9. Bd3 c6 10. O-O Re8 11. Qc2 Qe7 12. Rab1 a5 13. a3 Ne4 14. Rfc1 Nd7 15. b4 axb4 16. axb4 b5 17. Bxe4 dxe4 18. Nd2 f5 19. Ne2 Bb7 20. Nb3 Rec8 21. Na5 Nb6 22. Nf4 Qf7 23. Qb3 Rxa5 24. Qxf7+ Kxf7 25. bxa5 Na4 26. d5 cxd5 27. Rxc8 Bxc8 28. Nxd5 Bd7 29. Kf1 g5 30. Nb6 Nxb6 31. axb6 Bc6 32. Ke1 Bb7 33. Rxb5 Ke6 34. g3 h5 35. Rc5 Kd6 36. Rxf5 1-0

[Event "Panthers AF v Morriston M WCPL U1850"]
[Site "?"]
[Date "2023.02.19"]
[Round "1"]
[White "Beeston, Darston"]
[Black "Roberts, Emyr"]
[Result "0-1"]
[WhiteElo "1523"]
[BlackElo "1651"]
[PlyCount "90"]
[EventDate "2023.??.??"]

1. e4 d6 2. d4 Nf6 3. Nc3 g6 4. f4 Bg7 5. Nf3 c5 6. dxc5 Qa5 7. Bd2 Qxc5 8. Qe2 a6 9. h3 e5 10. O-O-O O-O 11. g4 b5 12. Be3 Qc7 13. f5 Bb7 14. Nd5 Nxd5 15. exd5 Nd7 16. Qd2 Rac8 17. Rh2 Nf6 18. Bh6 Bxd5 19. Bxg7 Kxg7 20. Nh4 Bxa2 21. g5 Ne4 22. f6+ Kg8 23. Qe3 Nc5 24. c3 b4 25. c4 Nb3+ 26. Kc2 Nd4+ 27. Kd2 Bxc4 28. Bxc4 Qxc4 29. Qd3 Nb3+ 30. Ke1 Qxh4+ 31. Kf1 Qc4 32. Qxc4 Rxc4 33. Rxd6 Rc1+ 34. Kg2 Rc2+ 35. Kg3 Rxh2 36. Kxh2 a5 37. Rb6 e4 38. Kg2 e3 39. Kf1 Nd4 40. Ra6 Re8 41. Rxa5 e2+ 42. Ke1 Nc2+ 43. Kd2 e1=Q+ 44. Kxc2 b3+ 45. Kxb3 Qxa5 0-1

[Event "Panthers AF v Morriston M WCPL U1850"]
[Site "?"]
[Date "2023.02.19"]
[Round "1"]
[White "Smith, Alun"]
[Black "Philpin, Les"]
[Result "1-0"]
[WhiteElo "1714"]
[BlackElo "1584"]
[PlyCount "85"]
[EventDate "2023.??.??"]

1. e4 e6 2. d4 d5 3. exd5 exd5 4. Bd3 Nc6 5. Ne2 Qf6 6. Nbc3 Nb4 7. Nb5 Qc6 8. Bf4 Nxd3+ 9. Qxd3 Bd6 10. Nxd6+ cxd6 11. Qg3 g6 12. Bxd6 Be6 13. Qe5 O-O-O 14. Qxh8 Qxd6 15. Qe5 Qb4+ 16. c3 Qb5 17. O-O Bf5 18. c4 Qa6 19. cxd5 Qd6 20. Rac1+ Kb8 21. Nc3 f6 22. Qxd6+ Rxd6 23. Rfe1 Rd8 24. Re3 Bd7 25. Rce1 Kc7 26. Ne4 b6 27. h3 Bb5 28. Nc3 Bd7 29. b3 Kd6 30. a4 Rc8 31. g4 Rd8 32. Nb5+ Bxb5 33. axb5 Kd7 34. Ra1 Ra8 35. Re6 Ne7 36. Rxb6 axb6 37. Rxa8 Nxd5 38. Rh8 Nc3 39. Rxh7+ Kd6 40. Rf7 Nd5 41. h4 Ke6 42. Rb7 Kd6 43. Kg2 1-0

[Event "Newport v Abergavenny WCPL Open"]
[Site "?"]
[Date "2023.03.12"]
[Round "2.1"]
[White "Duke, Dillan"]
[Black "Varley, Peter"]
[Result "1/2-1/2"]
[WhiteElo "1866"]
[BlackElo "2232"]
[PlyCount "52"]
[EventDate "2023.??.??"]

1. e4 e5 2. Nc3 Nc6 3. g3 Nf6 4. Bg2 Bb4 5. Nge2 d6 6. a3 Ba5 7. b4 Bb6 8. Na4 Bg4 9. f3 Be6 10. Nxb6 axb6 11. Bb2 Qd7 12. d4 Bh3 13. O-O Bxg2 14. Kxg2 O-O 15. c4 Nxd4 16. Nxd4 exd4 17. Bxd4 Qe6 18. Qd3 Nd7 19. Rfd1 Ne5 20. Bxe5 Qxe5 21. Ra2 Ra7 22. Rda1 Rfa8 23. a4 g6 24. h3 Qe8 25. Qc2 Qe5 26. Qd3 Qe8 1/2-1/2

[Event "Newport v Abergavenny WCPL Open"]
[Site "?"]
[Date "2023.03.12"]
[Round "2.2"]
[White "Gibiec, Ernest"]
[Black "Saunders, Walter N. R"]
[Result "1-0"]
[WhiteElo "2122"]
[BlackElo "1960"]
[PlyCount "71"]
[EventDate "2023.??.??"]

1. d4 Nf6 2. Nf3 g6 3. Bg5 Bg7 4. e3 d6 5. Be2 c5 6. Nbd2 Nbd7 7. h3 O-O 8. O-O Qc7 9. c3 b6 10. a4 Bb7 11. a5 Rac8 12. Qb3 e5 13. dxe5 dxe5 14. Nc4 Bd5 15. Qa4 Rb8 16. axb6 axb6 17. Na3 Ne4 18. Nb5 Qc6 19. c4 Be6 20. Bd3 f6 21. Bh4 g5 22. Qc2 Bf5 23. Nc3 Nxc3 24. Bxf5 e4 25. bxc3 exf3 26. Bxh7+ Kh8 27. Be4 Qe6 28. Bd5 Qe8 29. Bg3 fxg2 30. Kxg2 Ne5 31. f4 gxf4 32. exf4 Nd7 33. Qf5 Rf7 34. Qh5+ Kg8 35. Ra7 Rd8 36. Rd1 1-0

[Event "Newport v Abergavenny WCPL Open"]
[Site "?"]
[Date "2023.03.12"]
[Round "2.3"]
[White "May, Frank"]
[Black "Graczyk-Gibiec, Barbara"]
[Result "0-1"]
[WhiteElo "2023"]
[BlackElo "1929"]
[PlyCount "59"]
[EventDate "2023.??.??"]

1. d4 d5 2. Nf3 Bg4 3. c4 Bxf3 4. gxf3 e6 5. Nc3 c6 6. e3 Bd6 7. f4 Nf6 8. Qf3 Nbd7 9. Bd2 Qe7 10. cxd5 exd5 11. Bd3 g6 12. h4 Nh5 13. O-O-O O-O-O 14. Kb1 Qe8 15. f5 Ndf6 16. Rc1 Kb8 17. Rc2 Ng7 18. a3 Qe7 19. Na2 Ne4 20. fxg6 hxg6 21. Bb4 Nf5 22. h5 Nh4 23. Rxh4 Qxh4 24. Qxf7 gxh5 25. Bxd6+ Rxd6 26. Nb4 Qf6 27. Qxf6 Rxf6 28. f4 h4 29. Bxe4 dxe4 30. d5 0-1

[Event "Newport v Abergavenny WCPL Open"]
[Site "?"]
[Date "2023.03.12"]
[Round "2.4"]
[White "Addis, Joseph"]
[Black "Keene, Alan"]
[Result "1/2-1/2"]
[WhiteElo "1747"]
[BlackElo "1845"]
[Annotator "Pete"]
[PlyCount "125"]
[EventDate "2023.??.??"]

1. d4 Nf6 2. c4 g6 3. Nc3 Bg7 4. e4 d6 5. Nf3 O-O 6. h3 Nbd7 7. e5 Ne8 8. h4 c5 9. Bf4 cxd4 10. Qxd4 Qa5 11. Qd5 Nc5 12. O-O-O Be6 13. Qd2 dxe5 14. Bh6 Bf5 15. Qe3 Bxh6 16. Qxh6 Nb3+ 17. axb3 Qa1+ 18. Kd2 Qxb2+ 19. Ke1 Qxc3+ 20. Qd2 Qxd2+ 21. Rxd2 e4 22. Nd4 Nf6 23. c5 Rfd8 24. Nxf5 gxf5 25. Bc4 Rac8 26. b4 Rxd2 27. Kxd2 Rd8+ 28. Ke3 Nd5+ 29. Bxd5 Rxd5 30. Ra1 a6 31. c6 bxc6 32. Rxa6 Rd3+ 33. Kf4 Rb3 34. Kxf5 Rxb4 35. Rxc6 Rb2 36. Kxe4 Rxf2 37. g3 Kg7 38. Ra6 Rb2 39. Rc6 Rb3 40. Kf4 Rd3 41. Ra6 Rd6 42. Ra7 e6 43. Ra5 h6 44. Ke5 Rd1 45. Ra7 Kg6 46. Ra8 Rd5+ 47. Kf4 h5 48. Ra6 Kf6 49. Rb6 Rd4+ 50. Kf3 Kf5 51. Rb7 Kf6 52. Rb8 Ra4 53. Rh8 Ra5 54. Rg8 Rf5+ 55. Ke4 Ra5 56. Kf4 Ra4+ 57. Kf3 Ra5 58. Kf4 Rf5+ 59. Ke4 Ke7 60. Ra8 Rf6 61. Rh8 Rf5 62. Ra8 Rb5 63. Rh8 1/2-1/2

[Event "Newport v Abergavenny WCPL Open"]
[Site "?"]
[Date "2023.03.12"]
[Round "2.5"]
[White "Allford, Zane"]
[Black "Gibiec, Mateusz"]
[Result "1/2-1/2"]
[WhiteElo "1868"]
[BlackElo "1722"]
[Annotator "Pete"]
[PlyCount "69"]
[EventDate "2023.??.??"]

1. e4 e5 2. f4 d5 3. exd5 exf4 4. Nf3 Qxd5 5. Nc3 Qd8 6. d4 Bd6 7. Bc4 Nf6 8. O-O O-O 9. Ne2 Nc6 10. Nxf4 Bg4 11. c3 h6 12. Qd3 Re8 13. Nd5 Nxd5 14. Bxd5 Bxf3 15. Rxf3 Bxh2+ 16. Kxh2 Qxd5 17. Bf4 Re7 18. Raf1 Rae8 19. a3 Re2 20. b4 Qa2 21. Rg3 R8e4 22. Qf3 Ne7 23. Bxc7 Ng6 24. Be5 Qe6 25. Kg1 Nxe5 26. dxe5 Qb6+ 27. Kh2 Qc7 28. Qf6 Qxe5 29. Qxf7+ Kh7 30. Qg6+ Kg8 31. Kg1 Rh4 32. Qd3 Rd2 33. Qxd2 Qxg3 34. Qd5+ Kh7 35. Qf5+ 1/2-1/2

[Event "Newport v Abergavenny WCPL Open"]
[Site "?"]
[Date "2023.03.12"]
[Round "2.6"]
[White "Powell-Jones, Liam"]
[Black "Dixon, Chris"]
[Result "0-1"]
[WhiteElo "1250"]
[BlackElo "1687"]
[Annotator "Pete"]
[PlyCount "88"]
[EventDate "2023.??.??"]

1. e4 d6 2. d4 Nf6 3. Nc3 g6 4. Bc4 Bg7 5. Bg5 Nxe4 6. Bxf7+ Kxf7 7. Nxe4 Rf8 8. Nf3 Kg8 9. Qd2 Nd7 10. O-O-O Nf6 11. Nxf6+ exf6 12. Bh6 Bg4 13. h3 Bxf3 14. gxf3 Qd7 15. Bxg7 Kxg7 16. h4 Qf5 17. h5 g5 18. Qc3 c6 19. Qb4 Qf4+ 20. Kb1 b5 21. Qc3 Rac8 22. Rde1 Rf7 23. Re4 Qf5 24. Rhe1 Rcc7 25. Qe3 c5 26. f4 cxd4 27. Qxd4 d5 28. R4e2 Rc4 29. Qd2 Rxf4 30. Rd1 d4 31. Qd3 Rxf2 32. Qxf5 Rxf5 33. Red2 Rd7 34. a4 bxa4 35. Rxd4 Rxd4 36. Rxd4 Ra5 37. c4 f5 38. Rd7+ Kh6 39. Rc7 g4 40. Rc8 f4 41. c5 f3 42. c6 g3 43. c7 f2 44. Rf8 Rc5 0-1

[Event "Cardiff v White Knights WCPL Open"]
[Site "?"]
[Date "2023.03.12"]
[Round "2.1"]
[White "Camacho Collados, Jose"]
[Black "Toczek, Grzegorz"]
[Result "1/2-1/2"]
[WhiteElo "2468"]
[BlackElo "2310"]
[Annotator "Pete"]
[PlyCount "113"]
[EventDate "2023.??.??"]

1. e4 c6 2. Nf3 d5 3. Nc3 dxe4 4. Nxe4 Nf6 5. Qe2 Nxe4 6. Qxe4 Qd5 7. Qh4 Bf5 8. Bc4 Qd6 9. d3 e6 10. g4 Be7 11. Bg5 Bg6 12. O-O-O Nd7 13. Rde1 b5 14. Bb3 a5 15. Bxe7 Qxe7 16. a3 a4 17. Ba2 Qc5 18. Qg5 Qxg5+ 19. Nxg5 Nf6 20. h3 h5 21. Nxe6 fxe6 22. g5 Ne4 23. dxe4 e5 24. Re3 Ke7 25. f3 Rhf8 26. Rd1 Rad8 27. Rxd8 Kxd8 28. Kd2 Be8 29. c4 Bd7 30. cxb5 cxb5 31. Rd3 Kc7 32. Rc3+ Kd6 33. Rd3+ Kc7 34. Bd5 Rf4 35. Ke3 Rh4 36. Bf7 Rxh3 37. Bg6 Rg3 38. Bxh5 Rxg5 39. Bf7 Rg2 40. b3 axb3 41. Bxb3 g5 42. Rd5 g4 43. Rxe5 gxf3 44. Kxf3 Rh2 45. Rg5 Rh1 46. Kf4 Rf1+ 47. Ke5 Rf3 48. Be6 Rxa3 49. Rg7 Rd3 50. Kf6 Rd6 51. Rxd7+ Rxd7 52. Bxd7 Kxd7 53. Ke5 Ke7 54. Kd5 b4 55. Kc4 Ke6 56. e5 b3 57. Kxb3 1/2-1/2

[Event "Cardiff v White Knights WCPL Open"]
[Site "?"]
[Date "2023.03.12"]
[Round "2.2"]
[White "Smith, Olivia"]
[Black "Kett, Tim"]
[Result "1/2-1/2"]
[WhiteElo "2180"]
[BlackElo "2220"]
[Annotator "Pete"]
[PlyCount "147"]
[EventDate "2023.??.??"]

1. e4 e5 2. Nf3 Nc6 3. Bb5 a6 4. Ba4 Nf6 5. O-O Be7 6. Re1 b5 7. Bb3 d6 8. c3 O-O 9. h3 Na5 10. Bc2 c5 11. d4 Nd7 12. Nbd2 exd4 13. cxd4 Nc6 14. a4 Bb7 15. Nf1 Bf6 16. Be3 Re8 17. Ng3 g6 18. Qd2 Rc8 19. axb5 axb5 20. dxc5 dxc5 21. Red1 Nde5 22. Qe2 Nxf3+ 23. gxf3 Nd4 24. Bxd4 Bxd4 25. Qxb5 Qh4 26. Kg2 Bc6 27. Qe2 Rb8 28. Ra7 Bb5 29. Qd2 Red8 30. Qc1 Bd7 31. Rh1 Rxb2 32. f4 Be6 33. Ra3 Rdb8 34. Rf3 f5 35. Rf1 fxe4 36. Nxe4 Bd5 37. Re1 Rf8 38. Kh2 Ra2 39. Re2 Ra7 40. Bb3 Bxb3 41. Rxb3 Qxf4+ 42. Qxf4 Rxf4 43. f3 Rff7 44. Ng5 Rfb7 45. Rd3 Re7 46. Ne6 Rad7 47. Rb3 Rb7 48. Ra3 Ra7 49. Rb3 Reb7 50. Rd3 Rb4 51. Kg2 h6 52. f4 Rba4 53. Nxd4 cxd4 54. Re8+ Kf7 55. Rd8 Ke6 56. R8xd4 Rxd4 57. Rxd4 Kf5 58. Rb4 Ra2+ 59. Kg3 Ra3+ 60. Kg2 h5 61. Rc4 h4 62. Rc5+ Kxf4 63. Rc4+ Kg5 64. Rg4+ Kh5 65. Rb4 Ra2+ 66. Kg1 g5 67. Rb6 Ra8 68. Kg2 Rg8 69. Ra6 Rg6 70. Ra5 Rb6 71. Ra8 Kg6 72. Ra5 Rf6 73. Rb5 Rf5 74. Rb6+ 1/2-1/2

[Event "Cardiff v White Knights WCPL Open"]
[Site "?"]
[Date "2023.03.12"]
[Round "2.3"]
[White "Young, Alan"]
[Black "Brown, Thomas"]
[Result "1/2-1/2"]
[WhiteElo "2092"]
[BlackElo "2116"]
[Annotator "Pete"]
[PlyCount "103"]
[EventDate "2023.??.??"]

1. e4 c6 2. Nc3 d5 3. Nf3 dxe4 4. Nxe4 Nf6 5. Qe2 Bf5 6. Nxf6+ gxf6 7. d4 Qd5 8. c4 Qe4 9. Qxe4 Bxe4 10. Be2 Na6 11. a3 h5 12. O-O Nc7 13. Be3 Bh6 14. Rfd1 O-O-O 15. Rac1 Kb8 16. Rc3 Ne6 17. Ne1 Bg6 18. d5 Nf4 19. Bf3 cxd5 20. cxd5 e5 21. Rc4 h4 22. d6 f5 23. g3 hxg3 24. hxg3 Nh3+ 25. Kg2 e4 26. Be2 f4 27. gxf4 Nxf4+ 28. Kf1 Bf5 29. f3 Nxe2 30. Kxe2 Bxe3 31. Kxe3 exf3 32. Nxf3 Be6 33. Rcd4 Rh3 34. Kf4 Rh5 35. b4 Bd7 36. Ng5 Rg8 37. Rd5 f6 38. Nf3 Rg4+ 39. Ke3 Rh3 40. R5d4 Rgg3 41. Rf4 f5 42. Kf2 Rg6 43. Rc4 Rh8 44. Rc5 b6 45. Re5 Bc6 46. Rxf5 Bxf3 47. Kxf3 Rd8 48. Rfd5 Re6 49. R1d4 Rf6+ 50. Rf4 Rxf4+ 51. Kxf4 Kc8 52. Kf5 1/2-1/2

[Event "Cardiff v White Knights WCPL Open"]
[Site "?"]
[Date "2023.03.12"]
[Round "2.4"]
[White "Ralphs, Nigel"]
[Black "Garcia, Jason"]
[Result "1-0"]
[WhiteElo "2041"]
[BlackElo "2048"]
[Annotator "Pete"]
[PlyCount "93"]
[EventDate "2023.??.??"]

1. e4 c5 2. Nf3 d6 3. Bb5+ Nd7 4. d4 cxd4 5. Qxd4 a6 6. Bxd7+ Bxd7 7. c4 Nf6 8. Bg5 Qc7 9. O-O e5 10. Qd3 Be6 11. Nbd2 Nd7 12. b4 h6 13. Be3 Rc8 14. Rac1 Be7 15. h3 O-O 16. Rfd1 Qb8 17. a4 Rc7 18. g4 f6 19. Nh4 Qe8 20. Nf5 Bxf5 21. exf5 Qf7 22. Ne4 d5 23. cxd5 Rxc1 24. Rxc1 Bxb4 25. Qc4 Ba5 26. Nd6 Qe7 27. Nxb7 Bb6 28. d6+ Qf7 29. Bxb6 Nxb6 30. Qe6 Re8 31. Qxf7+ Kxf7 32. Rc7+ Kf8 33. d7 Nxd7 34. Rxd7 Rc8 35. a5 Rc6 36. Kg2 Rc2 37. Rd6 Rc7 38. Rb6 Ke7 39. Nd6 Rd7 40. Ne4 Rd4 41. f3 Ra4 42. Rxa6 Ra2+ 43. Kg3 Ra1 44. Ra7+ Kf8 45. a6 Rg1+ 46. Kf2 Rh1 47. Rb7 1-0